书目信息 |
| 题名: |
麦克阿瑟
|
|
| 作者: | ;皮波人物国际名人研究中心 编著 | |
| 分册: | ||
| 出版信息: | 北京 国际文化出版公司 2013 |
|
| 页数: | 140页 | |
| 开本: | 23cm | |
| 丛书名: | 名人传记丛书 | |
| 单 册: | ||
| 中图分类: | K837.125.2=533 , K837.125 | |
| 科图分类: | ||
| 主题词: | ||
| 电子资源: | ||
| ISBN: | 978-7-5125-0414-1 | |
| 000 | 00850nam0 2200253 450 | |
| 001 | 2357909673 | |
| 005 | 20231215194300.53 | |
| 010 | @a978-7-5125-0414-1@dCNY 22.50 | |
| 100 | @a20130423d2013 cemy0chiy0120 ea | |
| 101 | 0 | @achi |
| 102 | @aCN@b110000 | |
| 105 | @aa z 000yb | |
| 200 | 1 | @a麦克阿瑟@Amai ke a se@b专著@dDouglas MacArthur@f皮波人物国际名人研究中心编著@zeng |
| 210 | @a北京@c国际文化出版公司@d2013 | |
| 215 | @a140页@c图@d23cm | |
| 225 | 1 | @a名人传记丛书 |
| 510 | 1 | @aDouglas MacArthur@zeng |
| 600 | 0 | @a麦克阿瑟@c(MacArthur, Douglas@f1880-1964)@x传记 |
| 600 | 0 | @a麦克阿瑟@c(MacArthur, Douglas@f1880-1964) |
| 690 | @aK837.125.2=533@v5 | |
| 690 | @aK837.125@v4 | |
| 711 | 02 | @a皮波人物国际名人研究中心@Api bo ren wu guo ji ming ren yan jiu zhong xin@4编著 |
| 801 | 2 | @aCN@b辽宁北配@c20231205 |
| 905 | @aZUCC@dK837.125@e77 | |
| 麦克阿瑟=Douglas MacArthur/皮波人物国际名人研究中心编著.-北京:国际文化出版公司,2013 |
| 140页:图;23cm.-(名人传记丛书) |
| ISBN 978-7-5125-0414-1:CNY 22.50 |
| ● |
| 相关链接 |
|
|
|
正题名:麦克阿瑟
索取号:K837.125/77
 
预约/预借
| 序号 | 登录号 | 条形码 | 馆藏地/架位号 | 状态 | 备注 |
| 1 | 2001205957 | 2001205957 | 320书库/ [索取号:K837.125/77] | 在馆 | |
| 2 | 2001205958 | 2001205958 | 320书库/ [索取号:K837.125/77] | 在馆 | |
| 3 | 2001205959 | 2001205959 | 320书库/ [索取号:K837.125/77] | 在馆 | |
| 4 | 2001205960 | 2001205960 | 320书库/ [索取号:K837.125/77] | 在馆 | |
| 5 | 2001205961 | 2001205961 | 320书库/ [索取号:K837.125/77] | 在馆 | |
| 6 | 2001205962 | 2001205962 | 320书库/ [索取号:K837.125/77] | 在馆 | |
| 7 | 2001205963 | 2001205963 | 320书库/ [索取号:K837.125/77] | 在馆 | |
| 8 | 2001205964 | 2001205964 | 320书库/ [索取号:K837.125/77] | 在馆 | |
| 9 | 2001205965 | 2001205965 | 320书库/ [索取号:K837.125/77] | 在馆 | |
| 10 | 2001205966 | 2001205966 | 320书库/ [索取号:K837.125/77] | 在馆 | |
| 11 | 2001205967 | 2001205967 | 320书库/ [索取号:K837.125/77] | 在馆 | |
| 12 | 2001205968 | 2001205968 | 320书库/ [索取号:K837.125/77] | 在馆 | |
| 13 | 2001205969 | 2001205969 | 320书库/ [索取号:K837.125/77] | 在馆 | |
| 14 | 2001205970 | 2001205970 | 320书库/ [索取号:K837.125/77] | 在馆 | |
| 15 | 2001205971 | 2001205971 | 320书库/ [索取号:K837.125/77] | 在馆 | |
| 16 | 2001205972 | 2001205972 | 320书库/ [索取号:K837.125/77] | 在馆 | |
| 17 | 2001205973 | 2001205973 | 320书库/ [索取号:K837.125/77] | 在馆 | |
| 18 | 2001205974 | 2001205974 | 320书库/ [索取号:K837.125/77] | 在馆 | |
| 19 | 2001205975 | 2001205975 | 320书库/ [索取号:K837.125/77] | 在馆 | |
| 20 | 2001205976 | 2001205976 | 320书库/ [索取号:K837.125/77] | 在馆 | |
| 21 | 2001205977 | 2001205977 | 320书库/ [索取号:K837.125/77] | 在馆 | |
| 22 | 2001205978 | 2001205978 | 320书库/ [索取号:K837.125/77] | 在馆 | |
| 23 | 2001205979 | 2001205979 | 320书库/ [索取号:K837.125/77] | 在馆 | |
| 24 | 2001205980 | 2001205980 | 320书库/ [索取号:K837.125/77] | 在馆 | |
| 25 | 2001205981 | 2001205981 | 315书库/ [索取号:K837.125/77] | 在馆 | |
| 26 | 2001205982 | 2001205982 | 315书库/ [索取号:K837.125/77] | 在馆 | |
| 27 | 2001205983 | 2001205983 | 315书库/ [索取号:K837.125/77] | 在馆 | |
| 28 | 2001205984 | 2001205984 | 315书库/ [索取号:K837.125/77] | 在馆 | |
| 29 | 2001205985 | 2001205985 | 315书库/ [索取号:K837.125/77] | 在馆 | |
| 30 | 2001205986 | 2001205986 | 315书库/ [索取号:K837.125/77] | 在馆 |